Malaysia Airlines Destinations - Statistics

General Stats
  • This quiz has been taken 59 times
  • The average score is 37 of 60
Answer Stats
Country City % Correct
China Beijing
94%
Indonesia Jakarta
94%
Thailand Bangkok
93%
France Paris
93%
Australia Sydney
93%
Japan Tokyo
93%
India Delhi
91%
United Kingdom London
91%
South Korea Seoul
91%
Australia Melbourne
87%
Bangladesh Dhaka
85%
Philippines Manila
85%
Australia Perth
85%
China Shanghai
85%
New Zealand Auckland
81%
Qatar Doha
81%
Vietnam Ho Chi Minh City
81%
India Mumbai
81%
Japan Osaka
81%
Taiwan Taipei
81%
Vietnam Hanoi
80%
China Guangzhou
76%
China Hong Kong
76%
Malaysia Johor Bahru
76%
Malaysia Kuala Lumpur
76%
Cambodia Phnom Penh
74%
Malaysia Kota Kinabalu
69%
Australia Adelaide
67%
Nepal Kathmandu
67%
Malaysia Penang
67%
Sri Lanka Colombo
65%
Indonesia Medan
65%
Indonesia Surabaya
65%
India Kolkata
61%
Malaysia Kuching
61%
India Bengaluru
59%
Maldives Male
59%
India Hyderabad
56%
Myanmar Yangon
56%
Vietnam Da Nang
52%
India Chennai
50%
India Ahmedabad
48%
China Xiamen
46%
Malaysia Miri
44%
Malaysia Alor Setar
43%
Malaysia Langkawi
43%
Malaysia Kuala Terengganu
39%
Malaysia Kuantan
39%
Malaysia Tawau
37%
Malaysia Sandakan
35%
Malaysia Bintulu
33%
India Kochi
31%
Malaysia Sibu
30%
Malaysia Labuan
28%
India Trivandrum
20%
India Amritsar
19%
Indonesia Pekanbaru
19%
Indonesia Denpasar Bali
9%
Malaysia Koto Bharu
7%
Indonesia Solo
6%
No matching quizzes found
Score Distribution
Percent of People with Each Score
Percentile by Number Answered
Your Score History
You have not taken this quiz